00671nam a2200193Ia 450000500170000001000280001702000260004503500130007103500170008403500130010103700210011403700130013508200080014810000190015624501670017526000360034227000600037830000390043820170707124520.0 aBAC-EN21 ENG-111755 a9789332515185c599.00 aEN-95287 aB-590703-730 aB-668135 bTechniz/Venadpl bDBAD/PUB a547 aSinghal, Atul  aThe pearson guide to organic chemistry for the JEE advanced :cby Atul Singhalbalso for Indian science engineering eligibility test/Joint Entrance Examination /  c2014a New DelhibPearson India a11 Community Centre, Panchsheel ParkbNew Delhie110017 c24cm(pbk)avarious pagings :bill.